000 00274nam a22001217a 4500
008 170224b xxu||||| |||| 00| 0 eng d
041 _aeng
080 _213TH
_a617
100 _a5
101 _aSHK
245 _aCURRENT DIAGNOSIS & TREATMENT
_cDOHERTY, G.M
942 _2udc
_cBK
999 _c6234
_d6234